• 首页
  • 本馆介绍
  • 公告通知
  • 最新文献
  • 馆藏检索
  • 电子资源
  • 读者导购
  • 参考咨询
  • 我的图书馆
  • 登录
  • 详细信息显示
  • 放入我的书架
  • 预约/预借图书
  • 作者相关作品
  • 分类相关作品
  • 丛书相关作品
  • 出版社相关作品

书目信息

  • 表格格式
  • 工作单格式
  • 卡片格式
题名:
专门档案管理
    
 
作者: 王英玮 主编
分册:  
出版信息: 北京   中国人民大学出版社  2022.08
页数: 454页
开本: 26cm
丛书名: 新编21世纪档案学系列教材
单 册:
中图分类: G275.9
科图分类:
主题词: 档案--dang an--档案管理--高等学校--教材
电子资源:
ISBN: 978-7-300-24362-7
000 01321nam 2200313 450
001 012001001278
005 20221207164833.15
010    @a978-7-300-24362-7@dCNY69.00
099    @aCAL 012017116298
100    @a20220905d2017 em y0chiy50 ea
101 0  @achi
102    @aCN@b110000
105    @aak a 000yy
106    @ar
200 1  @a专门档案管理@Azhuan men dang an guan li@d= Special records and archives management@f主编王英玮@zeng
205    @a第3版
210    @a北京@c中国人民大学出版社@d2022.08
215    @a454页@c图@d26cm
225 2  @a新编21世纪档案学系列教材@Axin bian 21 shi ji dang an xue xi lie jiao cai
300    @a普通高等教育“十一五”国家级规划教材
320    @a有书目 (第453-454页)
330    @a本书较为系统地阐述和说明了专门档案管理的一般原理和方法,并对会计档案、人事档案、审计档案、诉讼档案、信用档案、统计档案、标准档案、病案、公证档案、测绘档案、税收征管档案、不动产登记档案、律师业务档案、民政专门档案、商标档案等专门档案的管理内容、管理方法和管理技术进行了较为全面的介绍。
410  0 @12001 @a新编21世纪档案学系列教材
510 1  @aSpecial records and archives management@zeng
606 0  @a档案@Adang an@x档案管理@x高等学校@j教材
690    @aG275.9@v5
701  0 @a王英玮@Awang ying wei@4主编
801  0 @aCN@bAHXH@c20221111
905    @b1370842-4@dG275.9@e261=3@f3
    
    专门档案管理= Special records and archives management/主编王英玮.-第3版.-北京:中国人民大学出版社,2022.08
    454页:图;26cm.-(新编21世纪档案学系列教材)
    普通高等教育“十一五”国家级规划教材
    
    ISBN 978-7-300-24362-7:CNY69.00
    本书较为系统地阐述和说明了专门档案管理的一般原理和方法,并对会计档案、人事档案、审计档案、诉讼档案、信用档案、统计档案、标准档案、病案、公证档案、测绘档案、税收征管档案、不动产登记档案、律师业务档案、民政专门档案、商标档案等专门档案的管理内容、管理方法和管理技术进行了较为全面的介绍。
●
相关链接 在E读中查询图书 在五车中查询图书 在当当中查询图书 在豆瓣中查询图书


正题名:专门档案管理     索取号:G275.9/261=3         预约/预借

序号 登录号 条形码 馆藏地/架位号 状态 备注
1 1370842   213708424   第一样本阅览室/ [索取号:G275.9/261=3] 在馆    
2 1370843   213708433   第四借阅区/ [索取号:G275.9/261=3] 在馆    
3 1370844   213708442   第四借阅区/ [索取号:G275.9/261=3] 在馆    
唐山师范学院图书馆 欢迎您!
大连网信软件有限公司© 版权所有